| 000 | 00805cam a2200265 i 4500 | ||
|---|---|---|---|
| 001 | 4551498 | ||
| 003 | OSt | ||
| 005 | 20230619104703.0 | ||
| 008 | 761206m19719999nyu b 001 0 eng | ||
| 010 | _a 72012152 | ||
| 020 | _a0684133164 (v. 1) | ||
| 040 |
_aDLC _cDLC _dDLC |
||
| 050 | 0 | 0 |
_aHM19 _b.F525 1971b |
| 082 | 0 | 0 |
_a301/.01 _bFLE |
| 100 | 1 |
_aFletcher, Ronald, _d1921- |
|
| 245 | 1 | 4 |
_aThe making of sociology : _ba study of sociological theory / _cRonald Fletcher. |
| 260 |
_aNew York : _bScribner, _cc1971- |
||
| 300 |
_av. ; _c23 cm. |
||
| 504 | _aIncludes bibliographies and indexes. | ||
| 505 | 1 | _av. 1. Beginnings and foundations.--v. 2. Developments. | |
| 650 | 0 |
_aSociology _xHistory. |
|
| 650 | 0 | _aSociology. | |
| 906 |
_a0 _bcbc _corignew _d3 _eocip _f19 _gy-gencatlg |
||
| 942 |
_2ddc _cBK |
||
| 999 |
_c1215 _d1215 |
||